<?xml version="1.0" encoding="UTF-8"?>
<marc:record xmlns:marc="http://www.loc.gov/MARC21/slim">
   <marc:leader>00000nam a2200000 a 4500</marc:leader>
   <marc:datafield ind1="1" ind2=" " tag="100">
      <marc:subfield code="a">Spont, Siri</marc:subfield>
      <marc:subfield code="4">aut</marc:subfield>
      <marc:subfield code="e">Verfasser/-in</marc:subfield>
   </marc:datafield>
   <marc:datafield ind1=" " ind2=" " tag="653">
      <marc:subfield code="a">Weihnachten</marc:subfield>
   </marc:datafield>
   <marc:datafield ind1=" " ind2=" " tag="653">
      <marc:subfield code="a">Advent</marc:subfield>
   </marc:datafield>
   <marc:datafield ind1="0" ind2="0" tag="245">
      <marc:subfield code="a">Verzauberte Weihnachtszeit</marc:subfield>
   </marc:datafield>
   <marc:datafield ind1="0" ind2="0" tag="245">
      <marc:subfield code="b">Ein Adventsbuch mit 24 Kapiteln</marc:subfield>
   </marc:datafield>
   <marc:datafield ind1=" " ind2="1" tag="264">
      <marc:subfield code="b">Atrium</marc:subfield>
      <marc:subfield code="c">2017</marc:subfield>
   </marc:datafield>
   <marc:datafield ind1="1" ind2=" " tag="520">
      <marc:subfield code="a">Martha freut sich schon so sehr auf Heiligabend! Zu Hause hängen leuchtende Sterne in den Fenstern, und Oma hat einen Adventskalender gebastelt, damit Martha und ihr kleiner Bruder jeden Tag eine Überraschung auspacken können. Aber dann zieht ihr Cousin Yusuf bei ihnen ein, weil seine Eltern noch in einem Land sind, in dem Krieg herrscht. Plötzlich findet Martha alles ziemlich anstrengend – bis sie eines Tages mit Yusuf in den tief verschneiten Wald geht. Dort erwartet die Kinder eine Aufgabe, die sie nur gemeinsam lösen können. Es ist der Beginn einer verzauberten Weihnachtszeit ...</marc:subfield>
   </marc:datafield>
   <marc:datafield ind1=" " ind2=" " tag="020">
      <marc:subfield code="a">9783961770038</marc:subfield>
      <marc:subfield code="9">9783961770038</marc:subfield>
   </marc:datafield>
</marc:record>
